01375 2200193 4500001002100000005001500021035002000036245005400056100002100110250001700131300002800148260003500176082000800211084001400219020002100233650001400254520087900268500003401147INLIS00000000000026220240530010447 a0010-05240001841 aSi penangkap kodok naik tahta /cAhmad Yani, S.Pd0 aAhmad Yani, S.Pd acetakan ke-1 a36 hlm :bilus ;c21 cm aJakarta :bGaneca Exact,c2006 a813 a813 AHM s a97-979-744-498-8 4aBuku Anak aPada suatu masa ada seorang anak laki-laki bernama Ogan yang tinggal di sebuah desa yang damai. Ogan seorang yatim piatu, kedua orang tuanya telah meninggal ketika terjadi banjir besar untuk menghidupi dirinya ogan bekerja sebagai pencari kodok di sungai di malam hari. Ogan selalu membawa obor ketika mencari kodok untuk menerangi jalannya. Suatu hari ketika ogan sedang mencari kodok, ia mendengar suatu tangisan. Ogan segera mencari tahu asal suara tangisan itu. Ternyata yang menangis adalah Oginia, putri tumenggung, pemimpin wilayah itu. Ia tersesat karena terhanyut oleh air sungai. Ogan segera menolong dan mengantar oginia pulang. Orang tua Oginia sangat berterimakasih kepada ogan dan mengangkatnya sebagai anak. Ogan tidak menyangka ia akan memperoleh hadiah itu. Ogan menolong oginia tanpa pamrih. memang, berbuat baik akan selalu mendapa balasan yang setimpal. aSeri Pengetahuan Budi Pekerti